[Event "Muensterland Verbandsklasse-B 0708"]
[Site "Germany"]
[Date "2007.09.15"]
[Round "1.8"]
[White "Thiel, Hans Dieter"]
[Black "Volikovski, Vitali"]
[Result "0-1"]
[WhiteElo "1773"]
[BlackElo "1609"]
[PlyCount "99"]
[EventDate "2007.09.15"]
[EventType "team"]
[EventRounds "9"]
[EventCountry "GER"]
[SourceTitle "EXT 2009"]
[Source "ChessBase"]
[SourceDate "2008.11.26"]
[SourceVersion "1"]
[SourceVersionDate "2008.11.26"]
[SourceQuality "1"]
[WhiteTeam "Suedlohn II"]
[BlackTeam "Duelmen"]
[WhiteTeamCountry "GER"]
[BlackTeamCountry "GER"]

1. b4 e5 2. a3 g6 3. Bb2 Bg7 4. c4 d6 5. e3 b6 6. Nc3 Ne7 7. Nf3 Bb7 8. d4 exd4 9. Nxd4 c6 10. Qb3 0-0 11. Rd1 Qc7 12. Be2 Nd7 13. 0-0 a6 14. Bf3 Ne5 15. Be4 Kh8 16. f4 Ng4 17. Nce2 Rae8 18. Bf3 Nf6 19. Ng3 Bc8 20. h3 Kg8 21. Rfe1 d5 22. Rc1 Be6 23. Nxe6 fxe6 24. Qd3 Rd8 25. Be5 Qb7 26. Qc3 Ne8 27. cxd5 exd5 28. Red1 Bxe5 29. Qxe5 Qc7 30. Qd4 Ng7 31. Qc3 Rd6 32. a4 Ngf5 33. Nxf5 Nxf5 34. e4 d4 35. Qc4+ Kg7 36. exf5 Rxf5 37. Rxd4 b5 38. axb5 axb5 39. Qd3 Qb6 40. Rd1 Rxf4 41. Qe3 Rdxd4 42. Kh2 Qc7 43. g3 Rxd1 44. Bxd1 Rf6 45. Bb3 Qd6 46. h4 Qxb4 47. Qa7+ Kh8 48. Qb8+ Qf8 49. Qe5 c5 50. g4 0-1

[Event "Muensterland Verbandsklasse-B 0304"]
[Site "Germany"]
[Date "2004.03.06"]
[Round "7.8"]
[White "Volikovski, Vitali"]
[Black "Janzen, Andreas"]
[Result "1/2-1/2"]
[WhiteElo "1671"]
[BlackElo "1669"]
[PlyCount "82"]
[EventDate "2003.09.20"]
[EventType "team"]
[EventRounds "9"]
[EventCountry "GER"]
[SourceTitle "EXT 2005"]
[Source "ChessBase"]
[SourceDate "2004.11.15"]
[SourceVersion "1"]
[SourceVersionDate "2004.11.15"]
[SourceQuality "1"]
[WhiteTeam "Duelmen"]
[BlackTeam "Emsdetten Rochade II"]
[WhiteTeamCountry "GER"]
[BlackTeamCountry "GER"]

1. e4 c5 2. f4 d6 3. Nf3 Nc6 4. Bc4 e6 5. Nc3 a6 6. a4 Nf6 7. d3 Be7 8. 0-0 0-0 9. Qe1 d5 10. exd5 exd5 11. Bb3 Re8 12. Qf2 Na5 13. Ba2 c4 14. d4 Bf5 15. Ne5 Nc6 16. Bd2 Bxc2 17. Be3 Bf5 18. h3 Ne4 19. Nxe4 Bxe4 20. Bb1 Bxb1 21. Raxb1 Nb4 22. Bd2 f6 23. Bxb4 Bxb4 24. Ng4 Qd7 25. Qg3 Kf7 26. Qh4 Qf5 27. Rbc1 Re2 28. Rf2 Rxf2 29. Qxf2 Re8 30. Rf1 h5 31. Nh2 Qd3 32. Nf3 Qf5 33. Nh4 Qe4 34. Nf3 Qf5 35. Nh4 Qe6 36. Nf3 Kg8 37. Qh4 Qf5 38. Qg3 Qe4 39. Qh4 Qf5 40. Qg3 Qe4 41. Qh4 Qf5 1/2-1/2